How to safeguard again property fraud (Record no. 112219)

MARC details
000 -LEADER
fixed length control field 00785cad a22002295a 4500
001 - CONTROL NUMBER
control field L152820
008 - FIXED-LENGTH DATA ELEMENTS--GENERAL INFORMATION
fixed length control field 110504s2010 xxk f 000 0 eng d
035 ## - SYSTEM CONTROL NUMBER
System control number (Sirsi) u152820
041 0# - LANGUAGE CODE
Language code of text/sound track or separate title eng
050 04 - LIBRARY OF CONGRESS CALL NUMBER
Classification number 346.41043 $2 18
110 2# - MAIN ENTRY--CORPORATE NAME
Corporate name or jurisdiction name as entry element Land Registry
9 (RLIN) 5885
245 00 - TITLE STATEMENT
Title How to safeguard again property fraud
Medium [electronic resource]
260 ## - PUBLICATION, DISTRIBUTION, ETC.
Place of publication, distribution, etc. London
Name of publisher, distributor, etc. Land Registry
Date of publication, distribution, etc. 2007
490 #0 - SERIES STATEMENT
Series statement Land Registry Public Guides
Volume/sequential designation 17
520 ## - SUMMARY, ETC.
Summary, etc. Offers guidance on anti-property fraud measures.
590 ## - LOCAL NOTE (RLIN)
Local note KA
650 24 - SUBJECT ADDED ENTRY--TOPICAL TERM
Topical term or geographic name entry element LAND REGISTRATION ACT 2002
651 #4 - SUBJECT ADDED ENTRY--GEOGRAPHIC NAME
Geographic name England and Wales
Chronological subdivision 1543-
690 ## - LOCAL SUBJECT ADDED ENTRY--TOPICAL TERM (OCLC, RLIN)
Topical term or geographic name as entry element PROPERTY-PROPERTY AGENCY
856 40 - ELECTRONIC LOCATION AND ACCESS
Uniform Resource Identifier <a href="https://www.landreg.gov.uk/upload/documents/public_guide_017.pdf">https://www.landreg.gov.uk/upload/documents/public_guide_017.pdf</a>
Public note View this item free of charge at www.landregistry.gov.uk
942 ## - ADDED ENTRY ELEMENTS (KOHA)
Suppress in OPAC 0
Holdings
Withdrawn status Lost status Source of classification or shelving scheme Damaged status Not for loan Home library Current library Shelving location Date acquired Total Checkouts Full call number Barcode Date last seen Copy number Price effective from Koha item type
    Dewey Decimal Classification     Virtual Virtual Online 04/05/2011   ONLINE PUBLICATION 152820-2001 06/08/2019 1 06/08/2019 Book